| 000 | 00580 a2200169 4500 | ||
|---|---|---|---|
| 999 |
_c6447 _d6447 |
||
| 020 | _a052147244X (hb) | ||
| 020 | _a0521478154 (pb) | ||
| 050 | 0 | 0 | _aQH541.15 SUT 1996 |
| 245 | 0 | 0 |
_aEcological census techniques : _ba handbook / _cedited by William J. Sutherland. |
| 264 |
_aCambridge: _bCambridge University Press, _c1996 |
||
| 300 |
_axv, 336 p. : _bill. ; |
||
| 500 | _aIncludes index | ||
| 504 | _aIncludes bibliographical references and index. | ||
| 650 | 0 |
_aEcological survey _xMethodology. |
|
| 700 | 1 |
_aSutherland, William J. _eeditor |
|
| 942 |
_2lcc _cBK _e1st _h541.15 _iSUT _kQH |
||